Calculus for Computer Graphics (Record no. 25014)

MARC details
000 -LEADER
fixed length control field 00538nam a22002057a 4500
003 - CONTROL NUMBER IDENTIFIER
control field OSt
005 - DATE AND TIME OF LATEST TRANSACTION
control field 20220527102927.0
008 - FIXED-LENGTH DATA ELEMENTS--GENERAL INFORMATION
fixed length control field 220527b |||||||| |||| 00| 0 eng d
020 ## - INTERNATIONAL STANDARD BOOK NUMBER
International Standard Book Number 9783030113759
082 ## - DEWEY DECIMAL CLASSIFICATION NUMBER
Classification number 006.60151
Item number V74C
100 ## - MAIN ENTRY--PERSONAL NAME
Personal name Vince, John
245 ## - TITLE STATEMENT
Title Calculus for Computer Graphics
Statement of responsibility, etc by John Vince
250 ## - EDITION STATEMENT
Edition statement 2nd ed.
260 ## - PUBLICATION, DISTRIBUTION, ETC. (IMPRINT)
Place of publication, distribution, etc Cham, Switzerland
Name of publisher, distributor, etc Springer
Date of publication, distribution, etc 2019
300 ## - PHYSICAL DESCRIPTION
Extent xvii, 303p.
653 ## - INDEX TERM--UNCONTROLLED
Uncontrolled term Calculus
653 ## - INDEX TERM--UNCONTROLLED
Uncontrolled term Computer graphics--Mathematics
653 ## - INDEX TERM--UNCONTROLLED
Uncontrolled term Computer graphics
942 ## - ADDED ENTRY ELEMENTS (KOHA)
Source of classification or shelving scheme Dewey Decimal Classification
Koha item type Books
Holdings
Withdrawn status Lost status Source of classification or shelving scheme Damaged status Not for loan Collection code Home library Current library Date acquired Source of acquisition Total Checkouts Full call number Barcode Date last seen Price effective from Koha item type
    Dewey Decimal Classification     General Text Book Central University Of Rajasthan Central University Of Rajasthan 27/05/2022 CSC   006.60151 V74C 38435 27/05/2022 27/05/2022 Books